[Event "EWIBCC 2019"]
[Site "Monte-Carlo"]
[Date "2019.11.29"]
[Round "8.6"]
[White "Buksa, Nataliya"]
[Black "Babiy, Olga"]
[Result "1-0"]
[WhiteElo "2410"]
[BlackElo "2249"]
[Annotator "NA"]
[PlyCount "55"]
[EventDate "2019.11.29"]
[EventType "swiss"]
[EventCountry "MNC"]
[SourceTitle "playchess.com"]
[Source "ChessBase"]
[SourceQuality "1"]
[TimeControl "180+2"]

1. e4 {[%emt 0:00:00]} c6 {[%emt 0:00:00]} 2. d4 {[%emt 0:03:04]} d5 3. Nc3 {[%emt 0:00:00]} dxe4 {[%emt 0:00:00]} 4. Nxe4 {[%emt 0:00:00]} Nf6 {[%emt 0:00:00]} 5. Ng5 {[%emt 0:00:00]} h6 {[%emt 0:00:09]} 6. N5h3 {[%emt 0:00:00]} Bf5 {[%emt 0:00:13]} 7. Nf4 {[%emt 0:00:00]} e6 {[%emt 0:00:01]} 8. Nf3 {[%emt 0:00:00]} Bd6 {[%emt 0:00:07]} 9. Bd3 {[%emt 0:00:00]} Bxd3 {[%emt 0:00:09]} 10. Nxd3 {[%emt 0:00:00]} Nbd7 {[%emt 0:00:02]} 11. O-O {[%emt 0:00:00]} c5 {[%emt 0:00:17]} 12. Be3 {[%emt 0:00:00]} cxd4 {[%emt 0:00:04]} 13. Nxd4 {[%emt 0:00:00]} a6 {[%emt 0:00:09]} 14. Re1 {[%emt 0:00:00]} Qc7 {[%emt 0:00:04]} 15. h3 {[%emt 0:00:00]} O-O {[%emt 0:00:27]} 16. Qf3 {[%emt 0:00:00]} Ne5 {[%emt 0:00:14]} 17. Nxe5 {[%emt 0:00:00]} Bxe5 {[%emt 0:00:01]} 18. c3 {[%emt 0:00:00]} Nd5 {[%emt 0:00:07]} 19. Bd2 {[%emt 0:00:00]} Bxd4 {[%emt 0:00:14]} 20. cxd4 {[%emt 0:00:00]} Qe7 {[%emt 0:00:05]} 21. Qxd5 {[%emt 0:00:00]} Rfd8 {[%emt 0:00:04]} 22. Qe4 {[%emt 0:00:00]} Qf6 {[%emt 0:00:01]} 23. Bc3 {[%emt 0:00:00]} Rac8 {[%emt 0:00:01]} 24. d5 {[%emt 0:00:00]} Qg5 {[%emt 0:00:25]} 25. dxe6 fxe6 {[%emt 0:00:02]} 26. Qxe6+ {[%emt 0:00:00]} Kh8 {[%emt 0:00:01]} 27. Rad1 {[%emt 0:00:00]} Rf8 {[%emt 0:00:04]} 28. Qg4 {[%emt 0:00:00]} 1-0

[Event "EWIBCC 2019"]
[Site "Monte-Carlo"]
[Date "2019.11.29"]
[Round "8.7"]
[White "Guichard, Pauline"]
[Black "Socko, Monika"]
[Result "1/2-1/2"]
[WhiteElo "2407"]
[BlackElo "2417"]
[Annotator "ChessBase"]
[PlyCount "99"]
[EventDate "2019.11.29"]
[EventType "swiss"]
[EventCountry "MNC"]
[SourceTitle "playchess.com"]
[Source "ChessBase"]
[SourceQuality "1"]
[TimeControl "180+2"]

1. c4 {[%emt 0:00:00]} e5 {[%emt 0:00:00]} 2. Nc3 {[%emt 0:00:00]} Nc6 {[%emt 0:00:00]} 3. Nf3 {[%emt 0:00:02]} Nf6 {[%emt 0:00:05]} 4. e3 {[%emt 0:00:01]} Bb4 {[%emt 0:00:02]} 5. Qc2 {[%emt 0:00:02]} Bxc3 {[%emt 0:00:03]} 6. Qxc3 {[%emt 0:00:02]} Qe7 {[%emt 0:00:07]} 7. d4 {[%emt 0:00:22]} exd4 {[%emt 0:00:21]} 8. Nxd4 {[%emt 0:00:02]} Nxd4 {[%emt 0:00:03]} 9. Qxd4 {[%emt 0:00:05]} O-O {[%emt 0:00:02]} 10. Be2 {[%emt 0:00:13]} d5 {[%emt 0:00:13]} 11. O-O {[%emt 0:01:02]} c5 {[%emt 0:00:01]} 12. Qh4 {[%emt 0:00:14]} d4 {[%emt 0:00:05]} 13. Bf3 {[%emt 0:00:17]} d3 {[%emt 0:00:34]} 14. Rd1 {[%emt 0:00:05]} Bf5 {[%emt 0:00:05]} 15. e4 {[%emt 0:00:28]} Bxe4 {[%emt 0:00:16]} 16. Bxe4 {[%emt 0:00:01]} Qxe4 {[%emt 0:00:03]} 17. Qxe4 {[%emt 0:00:02]} Nxe4 {[%emt 0:00:01]} 18. Rxd3 {[%emt 0:00:02]} Rad8 {[%emt 0:00:01]} 19. Rxd8 {[%emt 0:00:06]} Rxd8 {[%emt 0:00:01]} 20. Be3 {[%emt 0:00:01]} b6 {[%emt 0:00:04]} 21. Rc1 {[%emt 0:00:07]} f5 {[%emt 0:00:04]} 22. Kf1 {[%emt 0:00:10]} Kf7 {[%emt 0:00:09]} 23. f3 {[%emt 0:00:04]} Nf6 {[%emt 0:00:10]} 24. a3 {[%emt 0:00:03]} Ke6 {[%emt 0:00:08]} 25. Ke2 {[%emt 0:00:06]} Nd7 {[%emt 0:00:04]} 26. Rd1 {[%emt 0:00:03]} Re8 {[%emt 0:00:01]} 27. Bf4 {[%emt 0:00:03]} Ne5 {[%emt 0:00:13]} 28. Bxe5 {[%emt 0:00:01]} Kxe5 {[%emt 0:00:01]} 29. Rd7 {[%emt 0:00:02]} Kf6+ {[%emt 0:00:06]} 30. Kd2 {[%emt 0:00:07]} Re7 {[%emt 0:00:01]} 31. Rxe7 {[%emt 0:00:03]} Kxe7 {[%emt 0:00:01]} 32. Ke3 {[%emt 0:00:01]} Kf6 {[%emt 0:00:02]} 33. h4 {[%emt 0:00:02]} h6 {[%emt 0:00:04]} 34. f4 {[%emt 0:00:03]} g5 {[%emt 0:00:16]} 35. fxg5+ {[%emt 0:00:05]} hxg5 {[%emt 0:00:00]} 36. g3 {[%emt 0:00:01]} f4+ {[%emt 0:00:06]} 37. Kf3 {[%emt 0:00:02]} fxg3 {[%emt 0:00:03]} 38. h5 {[%emt 0:00:02]} g4+ {[%emt 0:00:04]} 39. Kxg3 {[%emt 0:00:01]} Kg5 {[%emt 0:00:01]} 40. h6 {[%emt 0:00:02]} Kxh6 {[%emt 0:00:01]} 41. Kxg4 {[%emt 0:00:00]} Kg6 {[%emt 0:00:00]} 42. Kf4 {[%emt 0:00:02]} Kf6 {[%emt 0:00:01]} 43. Ke4 {[%emt 0:00:01]} Ke6 {[%emt 0:00:00]} 44. b4 {[%emt 0:00:04]} cxb4 {[%emt 0:00:16]} 45. axb4 {[%emt 0:00:01]} a5 {[%emt 0:00:00]} 46. bxa5 {[%emt 0:00:03]} bxa5 {[%emt 0:00:01]} 47. Kd4 {[%emt 0:00:02]} Kd6 {[%emt 0:00:00]} 48. Kc3 {[%emt 0:00:01]} Kc5 {[%emt 0:00:01]} 49. Kb2 {[%emt 0:00:01]} Kxc4 {[%emt 0:00:02]} 50. Ka1 {[%emt 0:00:10]} 1/2-1/2

[Event "EWIBCC 2019"]
[Site "Monte-Carlo"]
[Date "2019.11.29"]
[Round "8.8"]
[White "Zhukova, Natalia"]
[Black "Chiburdanidze, Maia"]
[Result "1-0"]
[WhiteElo "2323"]
[BlackElo "2500"]
[Annotator "TA"]
[PlyCount "45"]
[EventDate "2019.11.29"]
[EventType "swiss"]
[EventCountry "MNC"]
[SourceTitle "playchess.com"]
[Source "ChessBase"]
[SourceQuality "1"]

{[%evp 18,45,91,89,294,271,383,397,361,250,595,505,940,932,886,856,1097,867,841,498,591,503,589,586,1149,1114,2399,2412,2257,2184]} 1. c4 e6 2. Nc3 d5 3. d4 f5 4. Bf4 c6 5. e3 Nf6 6. Nf3 Be7 7. Bd3 O-O 8. Qc2 Ne4 9. g4 Na6 {[#]} 10. a3 $1 g5 $2 {A84: Dutch Defence: 2 c4 Miscellaneous} (10... Nc7 $16) (10... Nd6 11. c5 Ne4 12. gxf5 exf5 13. Bxa6 bxa6 14. O-O-O a5 15. Rdg1 Ba6 16. h4 Bf6 17. Ne5 Qc8 18. f3 Nxc3 19. Qxc3 {1-0 (106) Malakhatko,V (2617)-Firman,N (2495) Warsaw 2006}) 11. Be5 $18 dxc4 $146 (11... Nxc3 $142 12. bxc3 dxc4 13. Bxc4 fxg4) ({Predecessor:} 11... Qa5 12. Rg1 h6 13. h4 Nb4 14. axb4 Qxa1+ 15. Ke2 Nxc3+ 16. bxc3 Qa3 17. gxf5 exf5 18. hxg5 {1-0 (31) Taras,I (2305)-Roxo,A ICCF email 2015}) 12. Bxe4 fxe4 {White is winning.} 13. Qxe4 Qe8 $2 (13... Bd7 {is tougher.} 14. h4 Be8 15. Nxg5 Bg6) 14. h4 {White is clearly winning.} gxh4 (14... Qg6 $142 15. Qxg6+ hxg6 16. hxg5 c5) 15. Nxh4 Qf7 16. O-O-O b5 17. f4 b4 18. Nb1 c3 19. a4 cxb2+ 20. Kxb2 c5 21. g5 {[#] aiming for g6.} c4 22. g6 c3+ 23. Ka1 {Played: Kb2-b3} 1-0

[Event "EWIBCC 2019"]
[Site "Monte-Carlo"]
[Date "2019.11.29"]
[Round "8.9"]
[White "Dzagnidze, Nana"]
[Black "Berend, Elvira"]
[Result "0-1"]
[WhiteElo "2502"]
[BlackElo "2349"]
[Annotator "ChessBase"]
[PlyCount "39"]
[EventDate "2019.11.29"]
[EventType "swiss"]
[EventCountry "MNC"]
[SourceTitle "playchess.com"]
[Source "ChessBase"]
[SourceQuality "1"]
[TimeControl "180+2"]

1. e4 {[%emt 0:00:00]} e5 {[%emt 0:00:00]} 2. Nf3 {[%emt 0:00:00]} Nc6 {[%emt 0:00:01]} 3. Bc4 {[%emt 0:00:01]} Bc5 {[%emt 0:00:01]} 4. c3 {[%emt 0:00:06]} Nf6 {[%emt 0:00:01]} 5. d4 {[%emt 0:00:04]} exd4 {[%emt 0:00:01]} 6. e5 {[%emt 0:00:01]} d5 {[%emt 0:00:03]} 7. Bb5 {[%emt 0:00:01]} Ne4 {[%emt 0:00:02]} 8. cxd4 {[%emt 0:00:01]} Bb4+ {[%emt 0:00:01]} 9. Nbd2 {[%emt 0:00:18]} O-O {[%emt 0:00:06]} 10. O-O {[%emt 0:00:01]} Bg4 {[%emt 0:00:13]} 11. Bxc6 {[%emt 0:00:25]} Bxd2 {[%emt 0:00:36]} 12. Bxb7 {[%emt 0:00:11]} Rb8 {[%emt 0:00:07]} 13. Ba6 {[%emt 0:00:12]} Bxc1 {[%emt 0:00:05]} 14. Qxc1 {[%emt 0:00:05]} Bxf3 {[%emt 0:00:03]} 15. gxf3 {[%emt 0:00:01]} Ng5 {[%emt 0:00:02]} 16. Be2 {[%emt 0:00:49]} Nh3+ {[%emt 0:00:01]} 17. Kh1 {[%emt 0:00:02]} Qh4 {[%emt 0:00:01]} 18. b3 {[%emt 0:00:21]} Rb6 {[%emt 0:00:06]} 19. f4 {[%emt 0:00:46]} Nxf4 {[%emt 0:00:10]} 20. Qe3 {[%emt 0:00:15]} 0-1

[Event "EWIBCC 2019"]
[Site "Monte-Carlo"]
[Date "2019.11.29"]
[Round "8.10"]
[White "Bodnaruk, Anastasia"]
[Black "Savina, Anastasia"]
[Result "0-1"]
[WhiteElo "2412"]
[BlackElo "2354"]
[Annotator "ChessBase"]
[PlyCount "122"]
[EventDate "2019.11.29"]
[EventType "swiss"]
[EventCountry "MNC"]
[SourceTitle "playchess.com"]
[Source "ChessBase"]
[SourceQuality "1"]
[TimeControl "180+2"]

1. e4 {[%emt 0:00:00]} e5 {[%emt 0:00:00]} 2. Nf3 {[%emt 0:00:00]} Nc6 {[%emt 0:00:00]} 3. Bb5 {[%emt 0:00:03]} a6 {[%emt 0:00:01]} 4. Ba4 {[%emt 0:00:00]} Nf6 {[%emt 0:00:01]} 5. O-O {[%emt 0:00:02]} Be7 {[%emt 0:00:01]} 6. Re1 {[%emt 0:00:01]} b5 {[%emt 0:00:03]} 7. Bb3 {[%emt 0:00:01]} d6 {[%emt 0:00:01]} 8. c3 {[%emt 0:00:01]} O-O {[%emt 0:00:02]} 9. h3 {[%emt 0:00:01]} Nb8 {[%emt 0:00:03]} 10. d4 {[%emt 0:00:02]} Nbd7 {[%emt 0:00:01]} 11. Nbd2 {[%emt 0:00:01]} Bb7 {[%emt 0:00:01]} 12. Bc2 {[%emt 0:00:03]} Re8 {[%emt 0:00:03]} 13. Nf1 {[%emt 0:00:03]} Bf8 {[%emt 0:00:02]} 14. Ng3 {[%emt 0:00:04]} g6 {[%emt 0:00:01]} 15. Bg5 {[%emt 0:00:07]} Qc8 {[%emt 0:00:31]} 16. Qd2 {[%emt 0:00:13]} Bg7 {[%emt 0:00:08]} 17. a4 {[%emt 0:00:39]} Nb6 {[%emt 0:00:41]} 18. a5 {[%emt 0:00:09]} Nbd7 {[%emt 0:00:11]} 19. d5 {[%emt 0:00:09]} c6 {[%emt 0:00:04]} 20. dxc6 {[%emt 0:00:16]} Qxc6 {[%emt 0:00:02]} 21. Rad1 {[%emt 0:00:01]} d5 {[%emt 0:01:02]} 22. exd5 {[%emt 0:00:13]} Qxd5 {[%emt 0:00:04]} 23. Qc1 {[%emt 0:00:55]} Qc5 {[%emt 0:00:14]} 24. Nd2 {[%emt 0:00:17]} Qc7 {[%emt 0:00:03]} 25. Nde4 {[%emt 0:00:03]} Nxe4 {[%emt 0:00:07]} 26. Nxe4 {[%emt 0:00:02]} Bc6 {[%emt 0:00:12]} 27. Bh6 {[%emt 0:00:12]} Nf8 {[%emt 0:00:08]} 28. Qe3 {[%emt 0:00:05]} Bxe4 {[%emt 0:00:03]} 29. Bxe4 {[%emt 0:00:02]} Rad8 {[%emt 0:00:02]} 30. Bxg7 {[%emt 0:00:04]} Kxg7 {[%emt 0:00:01]} 31. b4 {[%emt 0:00:04]} Ne6 {[%emt 0:00:03]} 32. Bc2 {[%emt 0:00:04]} Nf4 {[%emt 0:00:03]} 33. Bb3 {[%emt 0:00:03]} Rxd1 {[%emt 0:00:07]} 34. Rxd1 {[%emt 0:00:02]} Rc8 {[%emt 0:00:00]} 35. Rc1 {[%emt 0:00:02]} Qd6 {[%emt 0:00:01]} 36. f3 {[%emt 0:00:03]} Rd8 {[%emt 0:00:01]} 37. Kh2 {[%emt 0:00:02]} e4 {[%emt 0:00:02]} 38. g3 {[%emt 0:00:02]} Nh5 {[%emt 0:00:02]} 39. f4 {[%emt 0:00:02]} Qd2+ 40. Qxd2 {[%emt 0:00:01]} Rxd2+ {[%emt 0:00:02]} 41. Kg1 {[%emt 0:00:00]} Nxg3 {[%emt 0:00:01]} 42. Re1 {[%emt 0:00:02]} Re2 {[%emt 0:00:04]} 43. Rd1 {[%emt 0:00:01]} e3 {[%emt 0:00:02]} 44. Bd5 {[%emt 0:00:04]} Rd2 {[%emt 0:00:02]} 45. Rxd2 {[%emt 0:00:02]} exd2 {[%emt 0:00:01]} 46. Bf3 {[%emt 0:00:00]} Ne4 {[%emt 0:00:02]} 47. c4 {[%emt 0:00:03]} bxc4 {[%emt 0:00:02]} 48. b5 {[%emt 0:00:01]} Nc5 {[%emt 0:00:02]} 49. b6 {[%emt 0:00:06]} c3 50. Bd1 Nb7 {[%emt 0:00:02]} 51. Kf2 {[%emt 0:00:02]} Nxa5 {[%emt 0:00:01]} 52. Ke2 {[%emt 0:00:01]} Kf6 {[%emt 0:00:06]} 53. Kd3 {[%emt 0:00:01]} Kf5 {[%emt 0:00:02]} 54. Kxc3 {[%emt 0:00:01]} Kxf4 {[%emt 0:00:00]} 55. Ba4 {[%emt 0:00:06]} Ke3 {[%emt 0:00:05]} 56. Bd1 {[%emt 0:00:03]} Nb7 {[%emt 0:00:01]} 57. Kc4 {[%emt 0:00:02]} f5 {[%emt 0:00:01]} 58. Kd5 {[%emt 0:00:01]} f4 {[%emt 0:00:01]} 59. Kc6 {[%emt 0:00:04]} Na5+ {[%emt 0:00:01]} 60. Kc5 {[%emt 0:00:00]} f3 {[%emt 0:00:01]} 61. Kb4 {[%emt 0:00:05]} Nb7 {[%emt 0:00:01]} 0-1

[Event "EWIBCC 2019"]
[Site "Monte-Carlo"]
[Date "2019.11.29"]
[Round "8.11"]
[White "Daulyte-Cornette, Deimante"]
[Black "Muzychuk, Mariya"]
[Result "0-1"]
[WhiteElo "2405"]
[BlackElo "2552"]
[Annotator "RC"]
[PlyCount "24"]
[EventDate "2019.11.29"]
[EventType "swiss"]
[EventCountry "MNC"]
[SourceTitle "playchess.com"]
[Source "ChessBase"]
[SourceQuality "1"]
[TimeControl "180+2"]

1. e4 {[%emt 0:00:00]} c5 {[%emt 0:00:00]} 2. Nc3 {[%emt 0:00:01]} e6 {[%emt 0:00:00]} 3. Nge2 {[%emt 0:00:02]} Nc6 {[%emt 0:00:01]} 4. d4 {[%emt 0:00:01]} cxd4 {[%emt 0:00:01]} 5. Nxd4 {[%emt 0:00:01]} Nf6 {[%emt 0:00:00]} 6. g3 {[%emt 0:00:03]} d5 {[%emt 0:00:12]} 7. exd5 {[%emt 0:00:04]} Nxd5 {[%emt 0:00:03]} 8. Bg2 {[%emt 0:00:06]} Nxc3 {[%emt 0:00:15]} 9. bxc3 {[%emt 0:00:01]} Nxd4 {[%emt 0:00:08]} 10. Qxd4 {[%emt 0:00:02]} Qxd4 {[%emt 0:00:34]} 11. cxd4 {[%emt 0:03:01]} Bb4+ {[%emt 0:02:08]} 12. Ke2 {[%emt 0:00:00]} Bc3 {[%emt 0:00:00]} 0-1

[Event "EWIBCC 2019"]
[Site "Monte-Carlo"]
[Date "2019.11.29"]
[Round "8.12"]
[White "Reizniece-Ozola, Dana"]
[Black "Janzelj, Lara"]
[Result "1-0"]
[WhiteElo "2305"]
[BlackElo "2158"]
[Annotator "ChessBase"]
[PlyCount "85"]
[EventDate "2019.11.29"]
[EventType "swiss"]
[EventCountry "MNC"]
[SourceTitle "playchess.com"]
[Source "ChessBase"]
[SourceQuality "1"]
[TimeControl "180+2"]

1. c4 {[%emt 0:00:00]} c6 {[%emt 0:00:00]} 2. Nf3 {[%emt 0:00:02]} d5 {[%emt 0:00:00]} 3. e3 {[%emt 0:00:01]} Nf6 {[%emt 0:00:00]} 4. Nc3 {[%emt 0:00:02]} g6 {[%emt 0:00:02]} 5. d4 {[%emt 0:00:08]} Bg7 {[%emt 0:00:01]} 6. Be2 {[%emt 0:00:00]} O-O {[%emt 0:00:02]} 7. O-O {[%emt 0:00:02]} Nbd7 {[%emt 0:00:06]} 8. b3 {[%emt 0:00:07]} Ne4 {[%emt 0:00:05]} 9. Bb2 {[%emt 0:00:01]} Ndf6 {[%emt 0:00:04]} 10. Rc1 {[%emt 0:00:04]} a6 {[%emt 0:00:06]} 11. Ne5 {[%emt 0:00:02]} Nxc3 {[%emt 0:00:13]} 12. Bxc3 {[%emt 0:00:04]} Ne4 {[%emt 0:00:01]} 13. Bb2 {[%emt 0:00:09]} Qa5 {[%emt 0:00:27]} 14. a3 {[%emt 0:00:16]} Be6 {[%emt 0:00:12]} 15. b4 {[%emt 0:00:05]} Qd8 {[%emt 0:00:01]} 16. cxd5 {[%emt 0:00:22]} Bxd5 {[%emt 0:00:23]} 17. f3 {[%emt 0:00:07]} Nd6 {[%emt 0:00:03]} 18. e4 {[%emt 0:00:14]} Be6 {[%emt 0:00:02]} 19. Qc2 {[%emt 0:00:13]} Nb5 {[%emt 0:00:16]} 20. Rfd1 {[%emt 0:00:04]} Bh6 {[%emt 0:00:01]} 21. Rb1 {[%emt 0:00:22]} Be3+ {[%emt 0:00:18]} 22. Kh1 {[%emt 0:00:01]} Qb6 {[%emt 0:00:28]} 23. Qd3 {[%emt 0:00:17]} Bh6 {[%emt 0:00:03]} 24. a4 {[%emt 0:00:06]} Nd6 {[%emt 0:00:05]} 25. d5 {[%emt 0:00:15]} cxd5 {[%emt 0:00:03]} 26. exd5 {[%emt 0:00:01]} Bf5 {[%emt 0:00:01]} 27. Qc3 {[%emt 0:00:01]} Rac8 {[%emt 0:00:09]} 28. Nc4 {[%emt 0:00:04]} f6 {[%emt 0:00:16]} 29. Nxb6 {[%emt 0:00:04]} Rxc3 {[%emt 0:00:01]} 30. Bxc3 {[%emt 0:00:01]} Bxb1 {[%emt 0:00:02]} 31. Rxb1 {[%emt 0:00:01]} Nf5 {[%emt 0:00:07]} 32. b5 {[%emt 0:00:04]} Rd8 {[%emt 0:00:03]} 33. bxa6 {[%emt 0:00:02]} bxa6 {[%emt 0:00:01]} 34. Bxa6 {[%emt 0:00:02]} Be3 {[%emt 0:00:02]} 35. a5 {[%emt 0:00:03]} Bc5 {[%emt 0:00:05]} 36. Bb7 {[%emt 0:00:07]} Nd6 {[%emt 0:00:05]} 37. Bc6 {[%emt 0:00:03]} Rb8 {[%emt 0:00:07]} 38. h3 {[%emt 0:00:06]} Nc4 {[%emt 0:00:01]} 39. Rc1 {[%emt 0:00:13]} Nxb6 {[%emt 0:00:02]} 40. axb6 {[%emt 0:00:01]} Rxb6 {[%emt 0:00:02]} 41. Bxf6 {[%emt 0:00:02]} Be3 {[%emt 0:00:04]} 42. Re1 {[%emt 0:00:03]} Bd2 {[%emt 0:00:02]} 43. Rd1 {[%emt 0:00:01]} 1-0

[Event "EWIBCC 2019"]
[Site "Monte-Carlo"]
[Date "2019.11.29"]
[Round "8.13"]
[White "Zaksaite, Salomeja"]
[Black "Dornbusch, Tatiana"]
[Result "0-1"]
[WhiteElo "2202"]
[BlackElo "2269"]
[Annotator "NA"]
[PlyCount "104"]
[EventDate "2019.11.29"]
[EventType "swiss"]
[EventCountry "MNC"]
[SourceTitle "playchess.com"]
[Source "ChessBase"]
[SourceQuality "1"]
[TimeControl "180+2"]

1. e4 {[%emt 0:00:00]} Nf6 {[%emt 0:00:00]} 2. e5 {[%emt 0:00:03]} Nd5 {[%emt 0:00:00]} 3. c4 {[%emt 0:00:04]} Nb6 {[%emt 0:00:01]} 4. c5 {[%emt 0:00:00]} Nd5 {[%emt 0:00:01]} 5. Bc4 {[%emt 0:00:15]} e6 {[%emt 0:00:01]} 6. d4 {[%emt 0:00:03]} d6 {[%emt 0:00:09]} 7. cxd6 {[%emt 0:00:03]} cxd6 {[%emt 0:00:01]} 8. Nf3 {[%emt 0:00:02]} Nc6 {[%emt 0:00:09]} 9. O-O {[%emt 0:00:11]} dxe5 {[%emt 0:00:17]} 10. dxe5 {[%emt 0:00:01]} Be7 {[%emt 0:00:02]} 11. Qe2 {[%emt 0:00:03]} Nb6 {[%emt 0:00:15]} 12. Rd1 {[%emt 0:00:36]} Bd7 {[%emt 0:00:08]} 13. Bb3 {[%emt 0:00:08]} O-O {[%emt 0:00:10]} 14. Nc3 {[%emt 0:00:01]} Na5 {[%emt 0:00:41]} 15. Bc2 {[%emt 0:00:04]} Qc7 {[%emt 0:00:11]} 16. Bg5 {[%emt 0:00:15]} Bc6 {[%emt 0:00:35]} 17. h4 {[%emt 0:00:20]} Nd5 {[%emt 0:00:10]} 18. Bxe7 {[%emt 0:00:13]} Nxc3 {[%emt 0:00:07]} 19. bxc3 {[%emt 0:00:17]} Qxe7 {[%emt 0:00:02]} 20. Bxh7+ {[%emt 0:00:02]} Kxh7 {[%emt 0:00:01]} 21. Ng5+ {[%emt 0:00:01]} Kh6 {[%emt 0:00:12]} 22. Qe3 {[%emt 0:00:25]} Kg6 {[%emt 0:00:17]} 23. Qg3 {[%emt 0:00:05]} Kh6 {[%emt 0:00:03]} 24. Qf4 {[%emt 0:00:01]} g6 {[%emt 0:00:08]} 25. Nxe6+ {[%emt 0:00:29]} Kh7 {[%emt 0:00:01]} 26. Nxf8+ {[%emt 0:00:03]} Rxf8 {[%emt 0:00:00]} 27. Rd6 {[%emt 0:00:02]} b6 {[%emt 0:00:05]} 28. h5 {[%emt 0:00:02]} Rg8 {[%emt 0:00:02]} 29. Rad1 {[%emt 0:00:01]} gxh5 {[%emt 0:00:05]} 30. Qf5+ {[%emt 0:00:01]} Rg6 {[%emt 0:00:01]} 31. Qxh5+ {[%emt 0:00:01]} Kg7 {[%emt 0:00:01]} 32. Rxg6+ {[%emt 0:00:02]} fxg6 {[%emt 0:00:01]} 33. Qh2 {[%emt 0:00:03]} Nc4 {[%emt 0:00:01]} 34. f4 {[%emt 0:00:01]} Ne3 {[%emt 0:00:01]} 35. Rd6 {[%emt 0:00:02]} Nf5 {[%emt 0:00:02]} 36. Rxc6 {[%emt 0:00:01]} Qd7 {[%emt 0:00:01]} 37. Rd6 {[%emt 0:00:07]} Nxd6 {[%emt 0:00:01]} 38. exd6 {[%emt 0:00:01]} Qxd6 {[%emt 0:00:01]} 39. Qg3 {[%emt 0:00:01]} Qd1+ {[%emt 0:00:01]} 40. Kh2 {[%emt 0:00:01]} Qd2 {[%emt 0:00:01]} 41. f5 {[%emt 0:00:02]} Qh6+ {[%emt 0:00:01]} 42. Qh3 {[%emt 0:00:01]} Qxh3+ {[%emt 0:00:01]} 43. Kxh3 {[%emt 0:00:01]} gxf5 {[%emt 0:00:01]} 44. Kg3 {[%emt 0:00:01]} Kf6 {[%emt 0:00:01]} 45. Kf4 {[%emt 0:00:01]} Ke6 {[%emt 0:00:01]} 46. a3 {[%emt 0:00:15]} b5 47. Kf3 {[%emt 0:00:00]} Ke5 {[%emt 0:00:01]} 48. Ke3 {[%emt 0:00:00]} f4+ {[%emt 0:00:02]} 49. Kf3 {[%emt 0:00:06]} Kf5 50. Kf2 {[%emt 0:00:00]} Kg4 {[%emt 0:00:01]} 51. Kf1 {[%emt 0:00:04]} Kg3 52. Kg1 f3 0-1

[Event "EWIBCC 2019"]
[Site "Monte-Carlo"]
[Date "2019.11.29"]
[Round "8.14"]
[White "Mkrtchian, Lilit"]
[Black "Muetsch, Annmarie"]
[Result "1-0"]
[WhiteElo "2402"]
[BlackElo "2240"]
[Annotator "ChessBase"]
[PlyCount "75"]
[EventDate "2019.11.29"]
[EventType "swiss"]
[EventCountry "MNC"]
[SourceTitle "playchess.com"]
[Source "ChessBase"]
[SourceQuality "1"]
[TimeControl "180+2"]

1. c4 {[%emt 0:00:00]} Nf6 {[%emt 0:00:00]} 2. Nc3 {[%emt 0:00:01]} g6 {[%emt 0:00:00]} 3. g3 {[%emt 0:00:02]} Bg7 {[%emt 0:00:01]} 4. Bg2 {[%emt 0:00:01]} O-O {[%emt 0:00:02]} 5. e4 {[%emt 0:00:02]} d6 {[%emt 0:00:03]} 6. Nge2 {[%emt 0:00:02]} e5 {[%emt 0:00:08]} 7. O-O {[%emt 0:00:04]} Nc6 {[%emt 0:00:02]} 8. d3 {[%emt 0:00:04]} h6 {[%emt 0:00:06]} 9. h3 {[%emt 0:00:10]} a5 {[%emt 0:00:05]} 10. f4 {[%emt 0:00:05]} Nh7 {[%emt 0:00:38]} 11. f5 {[%emt 0:00:13]} Nd4 {[%emt 0:00:26]} 12. Nxd4 {[%emt 0:00:26]} exd4 {[%emt 0:00:02]} 13. Nd5 {[%emt 0:00:12]} g5 {[%emt 0:00:17]} 14. Qh5 {[%emt 0:00:28]} f6 {[%emt 0:00:14]} 15. Kh2 {[%emt 0:01:06]} c6 {[%emt 0:00:05]} 16. Nf4 {[%emt 0:00:01]} gxf4 {[%emt 0:00:03]} 17. gxf4 {[%emt 0:00:01]} Kh8 {[%emt 0:00:24]} 18. Bf3 {[%emt 0:00:02]} Rg8 {[%emt 0:00:10]} 19. Rg1 {[%emt 0:00:02]} Qe7 {[%emt 0:00:08]} 20. Bd2 {[%emt 0:00:07]} Bd7 {[%emt 0:00:01]} 21. Rg2 {[%emt 0:00:05]} Be8 {[%emt 0:00:06]} 22. Qh4 {[%emt 0:00:01]} Bf7 {[%emt 0:00:07]} 23. Bh5 {[%emt 0:00:01]} Bxh5 {[%emt 0:00:14]} 24. Qxh5 {[%emt 0:00:01]} Bf8 {[%emt 0:00:06]} 25. Rg6 {[%emt 0:00:03]} Bg7 {[%emt 0:00:07]} 26. Rag1 {[%emt 0:00:02]} d5 {[%emt 0:00:03]} 27. cxd5 {[%emt 0:00:08]} cxd5 {[%emt 0:00:00]} 28. exd5 {[%emt 0:00:01]} Rae8 {[%emt 0:00:03]} 29. Re1 {[%emt 0:00:15]} Qd7 {[%emt 0:00:01]} 30. Re6 {[%emt 0:00:06]} Rxe6 {[%emt 0:00:10]} 31. dxe6 {[%emt 0:00:02]} Qb5 {[%emt 0:00:02]} 32. Qe2 {[%emt 0:00:03]} Qxb2 {[%emt 0:00:02]} 33. e7 {[%emt 0:00:02]} Re8 {[%emt 0:00:01]} 34. Rg2 {[%emt 0:00:02]} Qb5 {[%emt 0:00:03]} 35. Qe6 {[%emt 0:00:02]} Qc6 {[%emt 0:00:05]} 36. Qf7 {[%emt 0:00:03]} Rg8 {[%emt 0:00:03]} 37. Rxg7 {[%emt 0:00:02]} Rxg7 {[%emt 0:00:02]} 38. e8=Q+ {[%emt 0:00:02]} 1-0